00268nam a22000977a 4500008004100000082001100041100002100052245003400073260005500107300000800162260601b |||||||| |||| 00| 0 eng d a001843 aNagasampige, A V aLaghuramayanam of Sri Krishna aBangalorebPoornaprajna Samshodhana Mandiramc2003 a40p